000
00276nam a2200109Ia 4500
008
240521s2007 xx 000 0 und d
041
_a
eng
100
_a
GRUNDY J.T.
245
_a
CONSTRUCTION TECHNOLOGY VOL-2
260
_b
EDWARD ARNOLD PUBLISHERS LTD
_c
2007
300
_a
96
999
_c
1162294
_d
1162294